Quizzes
Events
Quiz Creation
Community
Videos
Private Events
Remove Ads
Sign In
Join for FREE
Feedback
Dark Mode
Quiz Categories
Sports
Geography
Music
Movies
Television
Just For Fun
Miscellaneous
History
Literature
Language
Science
Gaming
Entertainment
Religion
Holiday
For Kids
Quiz Lab
Recent
Popular Today
Quiz Kudos Today
Editor Picks
Curator Picks
Quizzes by...
Day
Popularity
Type
Ratings
Length
Year
Community
Subscriptions
Recent Discussions
Orange Saloon
Badges
Playlists
Quests
Create
Leaderboards
Showdown
Live 5
Trivia Bingo
Activity
Puzzle Library
Sporcle Events
Private Events
Virtual Trivia
Globe League
Become a Host
Pub Owners
SporcleCon
Opinionation
Our Games
Videos
Blog
Mobile Apps
Partnerships
Remove Ads and Go Orange
Feedback
Gaming
Video Games
Board Games
Card Games
Pokémon
Mario
Nintendo
Minecraft
Console
Toys
Legend of Zelda
Gaming
Video Games
Board Games
Card Games
Pokémon
Mario
Nintendo
Minecraft
Console
Toys
Legend of Zelda
Random Quiz
Search Sporcle
×
Quiz Lab
Quiz Lab
Gaming
Mario
Type in answers that appear in a list
Type in answers that appear in a list
Classic
Best Score? Go Orange.
Ultimate Mario Character Quiz Stats
Can you name the Mario characters and species?
By
XPeaceChill
15m
50 Questions
1,345 Plays
1,345 Plays
1,345 Plays
Comments
Comments
Give Quiz Kudos
Give Quiz Kudos
-
- Ratings
hide this ad
Forced Order
Answers have to be entered in order
Answers have to be entered in order
Replay
Link that replays current quiz
Next Quiz
Link to next quiz in quiz playlist
You Got
0%
They Got
Avg Score
47%
Avg Friend Score
Upgrade to see
Score Distribution
Jump to the score distribution portion of the page
Score
0/50
Timer
15:00
0
Plays Today
Hint
Answer
% Correct
The famous mustachioed plumber!
Mario
99.1%
And uh...the green guy, I guess.
Luigi
97.3%
Always in another castle, it seems
Princess Peach
95.6%
A dirty stinking ape
Donkey Kong
91.4%
And of course, the guy who tells us this
Toad
86.8%
Main character's enemy, pro Godzilla wannabe
Bowser
86.1%
And uh, a purple alternative to the main's brother
Waluigi
85.8%
A dirty stinking evil alternative to the main hero
Wario
85.4%
The red baby
Baby Mario
81.6%
The green baby
Baby Luigi
81.2%
Every mushroom needs a pink re-
color of himself
Toadette
77.5%
Grow up to be a terrorist, just like daddy!
Bowser Jr.
76.1%
The best green bipedal babysitter in the Mushroom Kingdom
Yoshi
75.8%
Some chick who gets kidnapped by an alien
Daisy
65.3%
The original girlfriend of the red plumber!
Pauline
55.2%
A crazed scientist with crazy inventions
Professor E Gadd
54.7%
Bowser's wingman: master in baby kidnapping 101
Kamek
50.6%
This guy is rather shy
Shy Guy
50.3%
Suicidal turtles! (well, if you're green)
Koopa
50.3%
I think she's got the concept of egg-
laying messed up
Birdo
47.4%
Favorite cereal: Boo Berry
Boo
43.7%
Ya do the hokey _
_
_
_
_
and ya...
Pokey
40.9%
Rotten mushroom crony
Goomba
40.2%
Flash Liquidizer Ultra Dousing Device
FLUDD
40.2%
You're a species of star that eats bits of stars?! CANNIBALS!
Luma
40.1%
Hint
Answer
% Correct
Part time fisherman/
part time kart picker upper
Lakitu
37.5%
Sheep, creep, deep, what's the word..
Cheep Cheep
37.2%
The proper name would be 'Projectile William'
Bullet Bill
36.1%
Why no Wrench Brothers or Screwdriver Bros?
Hammer Bros.
36.1%
Bowser's papery wing-
lady: old hag
Kammy Koopa
32.5%
Bleh heh heh...dude, you got somethin' in your throat?
Count Bleck
32.2%
He has chortles and fury
Fawful
32.1%
The aforementioned alien
Tatanga
31.5%
But mom, I HATE vegetables....ribbitt
Wart
29.7%
Special one, special K, special ed
Rosalina
29.7%
WHIRL! *billions of damage* Also not in Brawl.
Geno
29.6%
Hey man, wanna race?!
Koopa the Quick
28.8%
Spunky Goomba know-
it-
all
Goombella
28.7%
When actors mess up in movies, they call it a...
Blooper
28.6%
Oooh girl, you and your creepyass, spidery laugh
Mimi
28.3%
Looks like something I'd put on a stick and roast
Mallow
27.9%
Scottish and ready for the CHUNKING.
O'Chunks
27.7%
Always clowning around...and killing people
Dimentio
27.4%
Combines herself with Godzilla fanboy
Cackletta
26.8%
Sealed behind a 10 century old door
The Shadow Queen
25.4%
Industrial boss of death!
Smithy
21.6%
Power Ranger fan club (group)
Axem Rangers
20.2%
Is he related to the wizard from Sword in the Stone?
Merlon
15.8%
The Excalibur's cranky brother
Exor
13.8%
Persistent little bugger, eh?
Jr. Troopa
12.2%
Quiz Playlist
Details
Report
Send in Message
Add To Playlist
Classic:
Type in answers that appear in a list
Forced Order:
Answers have to be entered in order
Last Updated: Jan 16, 2019
Quiz Scoreboard
CHALLENGE
Sign Up to Join the Scoreboard
Show All
Scores
Hide
Comments
May contain spoilers
Recently Published
Presidents Visiting Landmarks
by Hejman
History
7m
An Introduction to Baseball
by treessimontrees
Sports
5m
Movies - When Are They Set?
by FPL_Elf
Movies
5m
More to Explore
Quiz From the Vault
Featured Blog Post
Where Did the Easter Bunny Come From?
hide this ad
You Might Also Like...
Tags
Mario Quiz
Character
ultimate
Today's Top Quizzes in Gaming
Browse Gaming
hide this ad
Today's Top Quizzes in Mario
Browse Mario
Top Contributed Quizzes in Gaming
1
5-to-1: Consoles
2
7-to-1: Board Game Piece Blitz
3
5-to-1: Legend of Zelda
4
Destiny 2 exotic weapons by perk icons
5
Ultimate Genshin Impact Logic Puzzle (up to 4.3)
6
Franchise by Action Figure
7
Overwatch Logic Puzzle
8
Who's on the WWE 2K24 Cover?
9
Genshin Impact Logic Puzzle Quiz
10
Windmill: Pokémon
Explore More
Trending Topics
NBA
Disney
Harry Potter
Marvel
Anime
Crossword
Kpop
The Office
Country
Soccer
Puzzle
Song
Pokémon
NFL
WWE
hide this ad
More By:
XPeaceChill
Quiz
Plays
Rating
Category
Featured
Created
Stardew Valley Villagers
10,803
4.85
Gaming
Apr 26, 2016
The Ending of The Great Gatsby
7,369
4.57
Literature
Apr 26, 2013
Survivor Item Match
6,006
4.61
Television
Jun 1, 2016
Gorillaz Clint Eastwood Lyrics
5,425
4.23
Music
Sep 13, 2013
Gorillaz Songs
4,648
4.94
Music
Jan 26, 2013
Go to Creator's Profile
Score Distribution
Quiz Creator Spotlight
XPeaceChill
Follow
Send a Message
Quizzes Created
-
Created Quiz Play Count
-
More By This Creator
Popular Quizzes Today
1
Find the US States - No Outlines Minefield
2
Find the Countries of Europe - No Outlines Minefield
3
The Countries of the World
4
Find the US States
5
Popular People in 1961
6
US States
7
Risky Map Clicking: Biggest States A-Z
8
Movies - When Are They Set?
More Gaming Quizzes
Pokémon (Gen 3) by any 3 letters
Quiz Lab
Trending Quizzes
Risky Map Clicking: Least Populous States A-Z
1-10 Letter G Words
1-10 Letter F Words
Risky Map Clicking: Next State Alphabetically
Risky Map Clicking: Biggest States A-Z
Recently Updated
Leaping Animals
pecheneg
Reality TV Shows (A-Z)
bhenderson79
Rickey Henderson's Hall of Fame Teammates
pecheneg
Champions League XIs: Arsenal
pecheneg
Quick Pick: Celebrities in WWE's Hall of Fame
aduchscher
A-Z Keypad Blitz II
pecheneg
Multiple Oscar Actors
pecheneg
Mystery Phrase Blitz: Oscar 'Best Actors'
pecheneg
F. Scott Fitzgerald Novels
LTH
Pick 3 Villains
ddd62291
Trending Topics
Marvel
Disney
Crossword
NBA
Harry Potter
Kpop
Anime
Song
WWE
NFL
Soccer
Country
Pokémon
The Office
Puzzle
Your Account Isn't Verified!
In order to create a playlist on Sporcle, you need to verify the email address you used during registration. Go to your
Sporcle Settings
to finish the process.
Report this User
Report this user for behavior that violates our
Community Guidelines
.
Details:
Send Report
Go to the Sporcle.com Mobile Site →
Comments